Mariah Carey Discography - Statistics

General Stats
  • This quiz has been taken 400 times
  • The average score is 65 of 152
Answer Stats
Album Song % Correct
Me. I Am Mariah Money ($*/...)
97%
Emotions Emotions
88%
Butterfly Butterfly
87%
Mariah Carey Vision of Love
86%
Butterfly Honey
83%
The Emancipation of Mimi We Belong Together
82%
Daydream Fantasy
81%
Charmbracelet The One
79%
Music Box Hero
77%
Music Box Without You
77%
Daydream Always Be My Baby
75%
Rainbow Heartbreaker
75%
Mariah Carey Someday
73%
Music Box Dreamlover
72%
Daydream One Sweet Day
72%
Mariah Carey I Don't Wanna Cry
71%
Mariah Carey Love Takes Time
71%
Butterfly My All
71%
E=MC² Touch My Body
69%
Emotions Make It Happen
67%
Emotions Can't Let Go
65%
Music Box Music Box
65%
Memoirs of an imperfect Angel Obsessed
65%
The Emancipation of Mimi Shake It Off
65%
Butterfly The Roof
64%
Music Box Anytime You Need a Friend
63%
Caution Caution
62%
The Emancipation of Mimi It's Like That
62%
Butterfly Breakdown
61%
Charmbracelet Through The Rain
60%
Daydream Forever
58%
Daydream Open Arms
58%
Mariah Carey Vanishing
58%
Daydream Underneath the Stars
57%
Me. I Am Mariah Cry.
55%
Caution GTFO
55%
Mariah Carey Prisoner
55%
Rainbow Thank God I Found You
55%
Rainbow Rainbow
54%
The Emancipation of Mimi Fly Like A Bird
53%
Mariah Carey There's Got to Be a Way
53%
Caution A No No
52%
Rainbow Can't Take That Away
51%
Butterfly Fourth of July
51%
Emotions The Wind
49%
Caution With You
49%
Me. I Am Mariah #Beautiful
48%
Memoirs of an imperfect Angel I Want To Know What Love Is
48%
Butterfly Babydoll
47%
E=MC² Bye Bye
47%
The Emancipation of Mimi Circles
47%
Daydream Melt Away
47%
Memoirs of an imperfect Angel Angel
46%
E=MC² Migrate
46%
Butterfly Outside
46%
Butterfly Whenever You Call
45%
Rainbow Crybaby
44%
Emotions If It's Over
44%
Daydream Looking In
44%
Rainbow Against All Odds
43%
E=MC² I Stay In Love
43%
Caution Portrait
43%
Caution 8th Grade
42%
Mariah Carey All In Your Mind
42%
The Emancipation of Mimi Get Your Number
42%
Memoirs of an imperfect Angel Up Out My Face
42%
Rainbow X-Girlfriend
42%
Daydream Long Ago
41%
Rainbow Petals
41%
Caution The Distance
41%
Mariah Carey Alone In Love
40%
Rainbow Bliss
40%
Butterfly Close My Eyes
40%
Me. I Am Mariah | Memoirs of an imperfect Angel It's A Wrap
40%
Music Box Never Forget You
40%
Memoirs of an imperfect Angel Angel's Cry
39%
Memoirs of an imperfect Angel H.A.T.E.U.
39%
The Emancipation of Mimi Say Somethin'
39%
Butterfly The Beautiful Ones
39%
Daydream When I Saw You
39%
Emotions You're So Cold
39%
Charmbracelet Clown
38%
Daydream Daydream Interlude
38%
The Emancipation of Mimi Mine Again
38%
Charmbracelet Bringin' On The Heartbreak
36%
Mariah Carey You Need Me
36%
E=MC² Cruise Control
35%
Daydream I Am Free
35%
Music Box Now That I Know
35%
Memoirs of an imperfect Angel Ribbon
35%
Mariah Carey Sent from Up Above
35%
Emotions And You Don't Remember
34%
Charmbracelet Boy (I Need You)
34%
Caution One Mo' Gen
34%
Charmbracelet Sunflowers For Alfred Roy
34%
Memoirs of an imperfect Angel Candy Bling
33%
Butterfly Fly Away
32%
Rainbow How Much
32%
E=MC² I'm That Chick
32%
The Emancipation of Mimi Joy Ride
32%
The Emancipation of Mimi Stay The Night
32%
The Emancipation of Mimi To The Floor
32%
Caution Giving Me Life
31%
E=MC² I Wish You Well
31%
The Emancipation of Mimi Your Girl
31%
Rainbow After Tonight
30%
E=MC² Side Effects
30%
Me. I Am Mariah The Art Of Letting Go
30%
Charmbracelet Yours
30%
Me. I Am Mariah Faded
29%
The Emancipation of Mimi One and Only
29%
Emotions Till the End of Time
29%
Music Box I've Been Thinking About You
28%
The Emancipation of Mimi I Wish You Knew
28%
Me. I Am Mariah Thirsty
28%
Me. I Am Mariah | Memoirs of an imperfect Angel Betcha Gon' Know
27%
Memoirs of an imperfect Angel Languishing
27%
E=MC² Love Story
27%
Emotions To Be Around You
27%
E=MC² Last Kiss
26%
Me. I Am Mariah Meteorite
26%
Music Box All I've Ever Wanted
25%
Me. I Am Mariah Dedicated
25%
Rainbow Did I Do That?
25%
E=MC² I'll Be Lovin' U Long Time
25%
Music Box Just to Hold You Once Again
25%
Charmbracelet Lullaby
25%
Emotions So Blessed
25%
Memoirs of an imperfect Angel Standing O
25%
Caution Stay Long Love You
25%
E=MC² For The Record
24%
Charmbracelet I Only Wanted
24%
Me. I Am Mariah Supernatural
24%
Charmbracelet Subtle Invitation
23%
Memoirs of an imperfect Angel Inseparable
22%
Memoirs of an imperfect Angel The Impossible
22%
Me. I Am Mariah You're Mine (Eternal)
22%
Memoirs of an imperfect Angel More Than Just Friends
21%
Charmbracelet My Saving Grace
21%
E=MC² Thanx 4 Nothin'
21%
Me. I Am Mariah Camouflage
20%
Charmbracelet Irresistible
20%
Rainbow Vulnerability
20%
Charmbracelet You Got Me
20%
Me. I Am Mariah You Don't Know What To Do
18%
Me. I Am Mariah Make It Look Good
16%
Charmbracelet You Had Your Chance
16%
Me. I Am Mariah One More Try
14%
Me. I Am Mariah Me. I Am Mariah...The Elusive Chanteuse
12%
Me. I Am Mariah Heavenly (No Ways Tired/Can't Give Up Now)
9%
No matching quizzes found
Score Distribution
Percent of People with Each Score
Percentile by Number Answered
Your Score History
You have not taken this quiz